00967cam a2200253 a 450000100100000000500170001000800410002702000150006804000230008308200180010610000770012424500800020126000350028130000210031649000250033749000220036265000290038465000430041370000330045683000540048991000340054395201210057799900150069800000612720200929151936.0930723s1991 sp 001 p spa d a8476582870 aDO-SdBNPcAzUdDLC a861.64bM722r1 aMolina, Cesar Antonioq(César Antonio Molina Sánchez),d1952-91724614aLas ruinas del mundo /cCésar Antonio Molina ; prólogo, Ángel Crespo. aBarcelona :bAnthropos,c1991. a430 p. ;c20 cm.1 aÁmbitos literarios1 aPoesíavno. 101 4aPoesía española9631 4aLiteratura españolaySIGLO XXI948461 aCrespo, Ángel,etr.917247 0aÁmbito literarios.ppoesía ;vno. 101.917248 aCatalogación por copia / LC 001052708MOaGRbGRcCTd2009-08-26iLF1l0o861.64 M722rp6127-10r2020-06-25w2020-06-25y2ZPréstamo interno c5923d5923